000 004620000a22001810004500
001 001566
003 MACL
005 20150705122813.0
008 150705b xxu||||| |||| 00| 0 eng d
040 _aMACL
_cMACL
041 _aEnglish
100 _aPatnaik, Nihar Ranjan
_9751
245 _aGlimpses Of Orissan Culture
_cNihar Ranjan Patnaik
260 _aKitab Mahal,
_c2004
_bCalcutta
350 _a680
650 _aSocial Science
_929
942 _k306
_cBK
_2ddc
999 _c13486
_d13486